Italian altarpieces,1250-1550 : function and design

Saved in:
Bibliographic Details
Other Authors: Borsook, Eve (Editor), Gioffredi Superbi, Fiorella (Editor)
Format: Book
Language:English
Published: Oxford : Clarendon Press, 1994
Subjects:
Tags: Add Tag
No Tags, Be the first to tag this record!

MARC

LEADER 00000cam a2200000 i 4500
001 1/93571
008 991122s1994 eng d
020 |a 0-19-817223-0 
035 |l 10054455 
040 |a GR-MY-UA  |b gre  |e aacr 
041 0 |a eng 
082 0 |a 755.209450902 
245 1 0 |a Italian altarpieces,1250-1550 :  |b function and design /  |c Edited by Eve Borsook; Fiorella Superbi Gioffredi 
260 |a Oxford :   |b Clarendon Press,   |c 1994 
300 |a 296 p. 
504 |a Includes bibliographical references and index 
650 0 0 |a Altapieces, Italian. 
650 0 0 |a Painting, Gothic  |z Italy. 
650 0 0 |a Painting, Renaissance  |z Italy. 
650 0 0 |a Christianity and art  |x Chatholic Church. 
650 0 0 |a Art patronage  |z Itlay. 
700 1 |a Borsook, Eve.  |4 edt 
700 1 |a Gioffredi Superbi, Fiorella.  |4 edt 
852 |a INST  |b LESVOS  |e 19991122  |h 755.209450902 ITA  |p 005100022712  |q 005100022712  |t BK  |y 0 
901 |a BIBL1-1999-3 
909 |a Λ  |b 066979 
970 |a ΚΑΜΑΤΣΟΥ  |b ΔΕΣΠΟΙΝΑ  |z 1999/11/21